<?xml version="1.0" encoding="UTF-8"?>
<record
    xmlns:xsi="http://www.w3.org/2001/XMLSchema-instance"
    xsi:schemaLocation="http://www.loc.gov/MARC21/slim http://www.loc.gov/standards/marcxml/schema/MARC21slim.xsd"
    xmlns="http://www.loc.gov/MARC21/slim">

  <leader>00731cam a22002051  4500</leader>
  <datafield tag="020" ind1=" " ind2=" ">
    <subfield code="a">0804803323</subfield>
  </datafield>
  <datafield tag="020" ind1=" " ind2=" ">
    <subfield code="a">9780804803328</subfield>
  </datafield>
  <datafield tag="040" ind1=" " ind2=" ">
    <subfield code="c">DLC</subfield>
  </datafield>
  <datafield tag="082" ind1="0" ind2="0">
    <subfield code="a">792 AUB 1956 C096 Or.</subfield>
  </datafield>
  <datafield tag="100" ind1="1" ind2=" ">
    <subfield code="a">Halford, Aubrey S.</subfield>
  </datafield>
  <datafield tag="245" ind1="1" ind2="4">
    <subfield code="a">The kabuki handbook;</subfield>
    <subfield code="b">a guide to understanding and appreciation, with summaries of favourite plays, explanatory notes, and illustrations,</subfield>
  </datafield>
  <datafield tag="260" ind1=" " ind2=" ">
    <subfield code="a">Tokyo,</subfield>
    <subfield code="a">Rutland, Vt.,</subfield>
    <subfield code="b">C.E. Tuttle Co.</subfield>
    <subfield code="c">[1956]</subfield>
  </datafield>
  <datafield tag="300" ind1=" " ind2=" ">
    <subfield code="a">xxi, 487 pages</subfield>
    <subfield code="b">illustrations</subfield>
    <subfield code="c">19 cm</subfield>
  </datafield>
  <datafield tag="490" ind1="0" ind2=" ">
    <subfield code="a">Tut books. R</subfield>
  </datafield>
  <datafield tag="520" ind1=" " ind2=" ">
    <subfield code="a">Special Collections copy is part of the Carolyn Staley Japanese Woodblock Print Collection, ca. 1902-2013.</subfield>
  </datafield>
  <datafield tag="650" ind1=" " ind2="0">
    <subfield code="a">Kabuki</subfield>
  </datafield>
  <datafield tag="650" ind1=" " ind2="0">
    <subfield code="a">Drama</subfield>
  </datafield>
  <datafield tag="700" ind1="1" ind2=" ">
    <subfield code="a">Halford, Giovanna M.</subfield>
  </datafield>
  <datafield tag="942" ind1=" " ind2=" ">
    <subfield code="c">AEDBB</subfield>
  </datafield>
  <datafield tag="999" ind1=" " ind2=" ">
    <subfield code="c">22349</subfield>
    <subfield code="d">22349</subfield>
  </datafield>
  <datafield tag="952" ind1=" " ind2=" ">
    <subfield code="0">0</subfield>
    <subfield code="1">0</subfield>
    <subfield code="4">0</subfield>
    <subfield code="6">792_000000000000000_AUB_1956_C096_OR</subfield>
    <subfield code="7">0</subfield>
    <subfield code="9">96676</subfield>
    <subfield code="a">LBC</subfield>
    <subfield code="b">LBC</subfield>
    <subfield code="c">C096</subfield>
    <subfield code="d">2023-12-06</subfield>
    <subfield code="o">792 AUB 1956 C096 Or.</subfield>
    <subfield code="p">a15635</subfield>
    <subfield code="r">2023-12-06</subfield>
    <subfield code="w">2023-12-06</subfield>
    <subfield code="y">AEDBB</subfield>
  </datafield>
</record>
